| 000 | 00686nam a2200193 a 4500 | ||
|---|---|---|---|
| 001 | 000040302 | ||
| 005 | 20240503073631.0 | ||
| 008 | 130802s2004 mx 000 0 spa d | ||
| 020 | _a9703204740 | ||
| 040 |
_aDO-SdBNP _bspa _cBNPHU |
||
| 100 | 1 |
_aCervantes Saavedra, Miguel de, _d1547-1616 _93070 |
|
| 245 | 1 | 0 |
_aEl Licenciado Vidriera / _cMiguel de Cervantes Saavedra ; introducción de Sergio Fenández. |
| 250 | _a2a. ed. | ||
| 260 |
_aMéxico : _bUniversidad Nacional Autónoma de México, _c2004. |
||
| 300 |
_a39 p. ; _c18 cm. |
||
| 490 | 1 |
_aRelato Licenciado Vidriera _v1 |
|
| 700 | 1 |
_aBalcácel Ordóñez, Luis Balcácel _966546 |
|
| 830 | 0 |
_aRelato Licenciado Vidriera _v1 _966234 |
|
| 999 |
_c39792 _d39792 |
||